| 000 | 00785nam a22002057a 4500 | ||
|---|---|---|---|
| 999 |
_c192339 _d192339 |
||
| 005 | 20220921111321.0 | ||
| 010 | _aB-745548 | ||
| 020 |
_a9789389176421 _c295.00 |
||
| 035 | _aB-745548 | ||
| 037 | _bOakBridge | ||
| 100 | _aMatani, Lohit | ||
| 245 |
_aInternal Security: _bConflicts, Challenges, Strategies for Civil Services(Main) Examination/ _cLohit Matani |
||
| 250 | _a2nd | ||
| 260 |
_aHaryana _b OakBridge _c2020 |
||
| 270 |
_aM 35, 1st Floor, Old DLF, Gurugram, _bHaryana _e122001 _minfo@oakbridge.in |
||
| 300 |
_axi,353p. _c24cm(pbk) |
||
| 505 | _a | ||
| 942 |
_2ddc _cEN _h352.3790954 _mMAT |
||